000 00581nam a22001817a 4500
005 20251108173123.0
008 250721s2004 xx 000 0 ara d
082 1 4 _a624.1/سلا
100 1 _aسلام، رفعت محمود
245 1 0 _aأسباب تلف الخرسانة و أساليب الإصلاح و الوقاية /
264 1 _aالاسكندرية :
_bمنشأة المعارف،
_c2004.
300 _a530ص
650 1 7 _aالهندسة الإنشائية
650 1 7 _aالخرسانة
650 1 7 _aمواد البناء
942 _2ddc
_cBK
999 _c96526
_d96526